000 00376nam a2200145Ia 4500
008 230917s9999||||xx |||||||||||||| ||und||
040 _e61578
_aMAIN
041 _aEnglish
082 _a657.45 G279S
100 _aGeist, B, ed
245 0 _aState audit; developments in public accountability
260 _aLondon
_bMacmillan
_c1981
300 _axxvii, 396 p.
942 _cBK
999 _c223218
_d223218